| 000 | 00512nam a2200181Ia 4500 | ||
|---|---|---|---|
| 003 | GCL | ||
| 008 | 140319s9999 xx 000 0 aFre d | ||
| 040 |
_aGCL / _cGCL |
||
| 082 | 0 | 4 |
_aCC _b932 _bR E |
| 100 | 1 | _aRICCI, FRANCO MARIA | |
| 245 | 1 | 0 |
_aEGYPTE : _bCHEFS - D'AOUVRE DE TOUS LES TEMPS / _cRICCI, FRANCO MARIA |
| 260 |
_aالقاهرة : _bINSTITUTE DU MONDE ARABE |
||
| 300 |
_a32 CM ؛ _c110 P |
||
| 650 | 0 | 4 | _aMUSEUMS |
| 650 | 0 | 4 | _aANCIENT EGYPT |
| 650 | 0 | 4 | _aEGYPT - CIVILIZATION |
| 942 |
_2ddc _cBK |
||
| 999 |
_c19727 _d19727 |
||